=LDR 00000nam 2200000 4500 =001 INLIS000000000047238 =005 20150917160558.0 =006 =007 =008 =020 ##$$a 978-602-8219-67-9 =035 ##$$0010-091500000000068 =040 ##$$a ind =082 ##$$a 581 =090 ##$$a 581 $b Sus =100 ##$$a Susi, Laelawati =245 ##$$a Keanekaragaman Hayati =250 ##$$a Cet. 1 =260 ##$$a Jakarta $b Nobel Edumedia $c 2009 =300 ##$$a vi, 130 hlm $c 23 cm =850 ##$$a NBPDMAT =990 ##$$a 21420105 =990 ##$$a 0001/BPAP-NTB/2015